El régimen procesal de los fiscales en los tribunales penales internacionales (Registro nro. 163031)
[ vista simple ]
| 000 -LEADER | |
|---|---|
| fixed length control field | 01349nam a2200325 a 4500 |
| 007 - PHYSICAL DESCRIPTION FIXED FIELD--GENERAL INFORMATION | |
| fixed length control field | cr ||||||||||| |
| 008 - FIXED-LENGTH DATA ELEMENTS--GENERAL INFORMATION | |
| fixed length control field | 140109s2013 sp s 000 0 spa|c |
| 020 ## - INTERNATIONAL STANDARD BOOK NUMBER | |
| International Standard Book Number | 9788490315798 |
| 035 ## - | |
| -- | 11733 |
| 040 ## - CATALOGING SOURCE | |
| Modifying agency | vLex |
| 090 ## - | |
| -- | 4673 |
| -- | 4673 |
| 100 1# - MAIN ENTRY--PERSONAL NAME | |
| Personal name | Ambos, Kai |
| 245 13 - TITLE STATEMENT | |
| Title | El régimen procesal de los fiscales en los tribunales penales internacionales |
| Medium | [Recurso electrónico] / |
| Statement of responsibility, etc | Kai Ambos, Stefanie Bock |
| 256 ## - | |
| -- | Servicio en línea |
| 260 ## - PUBLICATION, DISTRIBUTION, ETC. (IMPRINT) | |
| Place of publication, distribution, etc | Madrid : |
| Name of publisher, distributor, etc | Dykinson, |
| Date of publication, distribution, etc | 2013 |
| 300 ## - PHYSICAL DESCRIPTION | |
| Extent | 1 recurso electrónico |
| 506 1# - RESTRICTIONS ON ACCESS NOTE | |
| Terms governing access | Contenido solo disponible en los productos indicados |
| Authorized users | vLex Global |
| -- | vLex Global (Academic Edition, excluding Law Schools) |
| -- | vLex Global (U.S. Academic Edition, Law Schools) |
| -- | vLex Global (U.S. Academic Edition, excluding Law Schools) |
| -- | vLex Global (Academic Edition, Law Schools) |
| 650 04 - SUBJECT ADDED ENTRY--TOPICAL TERM | |
| Topical term or geographic name as entry element | Jurisdicción penal |
| 650 04 - SUBJECT ADDED ENTRY--TOPICAL TERM | |
| Topical term or geographic name as entry element | Tribunales penales |
| 650 04 - SUBJECT ADDED ENTRY--TOPICAL TERM | |
| Topical term or geographic name as entry element | Derecho procesal |
| 650 04 - SUBJECT ADDED ENTRY--TOPICAL TERM | |
| Topical term or geographic name as entry element | Derecho penal internacional |
| 650 04 - SUBJECT ADDED ENTRY--TOPICAL TERM | |
| Topical term or geographic name as entry element | Derecho procesal |
| 650 04 - SUBJECT ADDED ENTRY--TOPICAL TERM | |
| Topical term or geographic name as entry element | Fiscales |
| 655 #4 - | |
| -- | Llibres electrònics |
| 700 1# - ADDED ENTRY--PERSONAL NAME | |
| Personal name | Bock, Stefanie |
| 740 0# - | |
| -- | vLex Libros (Servicio en línea) |
| 856 40 - LOCALIZACIÓN Y ACCESO ELECTRÓNICO | |
| Identificador Uniforme del Recurso (URI/URL) | https://app.vlex.com/#/sources/regimen-procesal-de-los-fiscales-en-los-tribunales-penales-internacionales-11733 |
| 942 ## - | |
| -- | RAA |
| 999 ## - | |
| -- | 163031 |
| -- | 163031 |
No hay ítems disponibles.